000 00705nam a22002177a 4500
003 UA-OsUOA
001 78665
007 ta
008 20111018b un ||||| |||| 00| 0 ukr d
100 _aБезверхий К.
090 _a657
_bБ39
942 _cSA
040 _aUA-OsUOA
_bukr
_cUA-OsUOA
_dUA-OsUOA
245 _aАвтоматизація обліку курсових різниць: актуальні питання
300 _aС.36-45
955 _a0
041 _aukr
080 _a657
773 0 _w78657
_tБухгалтерський облік і аудит
_dК.
_d2011
_g9
650 7 _a657 Бухгалтерія. Бухгалтерський облік. Рахівництво
_2UDC
999 _c364979
_d364979